Крест как феномен молчащего символа в современном дизайне; Современные техника и технологии; Т. 3
| Parent link: | Современные техника и технологии: сборник трудов XX международной научно-практической конференции студентов, аспирантов и молодых ученых, Томск, 14-18 апреля 2014 г./ Национальный исследовательский Томский политехнический университет (ТПУ).— , 2014 Т. 3.— 2014.— [С. 241-242] |
|---|---|
| Autor principal: | |
| Autor Corporativo: | |
| Outros Autores: | |
| Resumo: | Заглавие с титульного экрана |
| Idioma: | russo |
| Publicado em: |
2014
|
| Colecção: | Дизайн и технология художественной обработки материалов |
| Assuntos: | |
| Acesso em linha: | http://earchive.tpu.ru/handle/11683/20952 http://www.lib.tpu.ru/fulltext/c/2014/C01/V3/114.pdf |
| Formato: | MixedMaterials Recurso Electrónico Capítulo de Livro |
| KOHA link: | https://koha.lib.tpu.ru/cgi-bin/koha/opac-detail.pl?biblionumber=607329 |
MARC
| LEADER | 00000naa2a2200000 4500 | ||
|---|---|---|---|
| 001 | 607329 | ||
| 005 | 20231101132440.0 | ||
| 035 | |a (RuTPU)RU\TPU\conf\4710 | ||
| 035 | |a RU\TPU\conf\4709 | ||
| 090 | |a 607329 | ||
| 100 | |a 20140708d2014 k y0rusy50 ca | ||
| 101 | 0 | |a rus | |
| 102 | |a RU | ||
| 105 | |a y z 101zy | ||
| 135 | |a drcn ---uucaa | ||
| 181 | 0 | |a i | |
| 182 | 0 | |a b | |
| 200 | 1 | |a Крест как феномен молчащего символа в современном дизайне |f М. А. Корниенко |g науч. рук. М. С. Кухта | |
| 203 | |a Текст |c электронный | ||
| 225 | 1 | |a Дизайн и технология художественной обработки материалов | |
| 230 | |a 1 компьютерный файл (pdf; 179 Кb) | ||
| 300 | |a Заглавие с титульного экрана | ||
| 320 | |a [Библиогр.: с. 242 (7 назв.)] | ||
| 337 | |a Adobe Reader | ||
| 461 | 1 | |0 (RuTPU)RU\TPU\conf\3687 |t Современные техника и технологии |o сборник трудов XX международной научно-практической конференции студентов, аспирантов и молодых ученых, Томск, 14-18 апреля 2014 г. |o в 3 т. |f Национальный исследовательский Томский политехнический университет (ТПУ) |d 2014 | |
| 463 | 0 | |0 (RuTPU)RU\TPU\conf\3691 |t Т. 3 |v [С. 241-242] |d 2014 | |
| 610 | 1 | |a труды учёных ТПУ | |
| 610 | 1 | |a электронный ресурс | |
| 610 | 1 | |a кресты | |
| 610 | 1 | |a символы | |
| 610 | 1 | |a дизайн | |
| 610 | 1 | |a знаки | |
| 610 | 1 | |a религия | |
| 700 | 1 | |a Корниенко |b М. А. | |
| 702 | 1 | |a Кухта |b М. С. |c российский ученый, специалист в области философии науки и техники |c профессор Томского политехнического университета, доктор философских наук |f 1963- |g Мария Сергеевна |2 stltpush |4 727 | |
| 712 | 0 | 2 | |a Национальный исследовательский Томский политехнический университет (ТПУ) |b Институт кибернетики (ИК) |b Кафедра автоматизации и роботизации в машиностроении (АРМ) |h 78 |2 stltpush |3 (RuTPU)RU\TPU\col\18704 |
| 801 | 2 | |a RU |b 63413507 |c 20210315 |g RCR | |
| 856 | 4 | |u http://earchive.tpu.ru/handle/11683/20952 | |
| 856 | 4 | |u http://www.lib.tpu.ru/fulltext/c/2014/C01/V3/114.pdf | |
| 942 | |c BK | ||